000 00784nam a22002177a 4500
999 _c19118
_d19118
003 AR-CdUCM
008 190516b ||||| |||| 00| 0 spa d
040 _aMUNICIPALIDAD PROVINCIAL DEL CUSCO
_cBIBLIOTECA MUNICIPAL DEL CUSCO
082 _a630.18 /
_bD71
100 _aDiegues Junior, Manuel
_940260
245 _aEstablecimientos rurales en América Latina /
260 _aBuenos Aires :
_bEudeba,
_c1967.
300 _a230 páginas ;
_c20 cm.
440 _aLibros de tiempo nuevo
_940261
505 _aContenido : Características de América Latina -- La población y su distribución -- Formación de la propiedad rural...
650 _aPoblaciones
_919900
650 _aEvolución de poblaciones
_940262
650 _aPropiedad
_9740
942 _2ddc
_cLIBROS
945 _arcc